000
00251nam a22001217a 4500
008
181106b xxu||||| |||| 00| 0 eng d
041
_a
eng
080
_a
341
100
_a
15
101
_a
JUR
245
_a
Civil Procedure
_c
May.I
942
_2
udc
_c
BK
999
_c
51917
_d
51917